000 00481nam a2200157Ia 4500
008 130318s9999 xx 000 0 und d
020 _a716710455
082 _a005.12028 GAR/C
100 _aGarey, Michael R
245 _aComputers and intractability: A guide to the theory of NP-completeness
260 _bW.H Freeman and Company
_aNew York
_c1979
300 _a338
440 _aSeries of Books in the Mathematical Sciences
650 _aALGORITHMS
700 _aJohnson, David S
999 _c1440
_d1440